[Event "8eme Open International de La Fere"]
[Site "La Fere (FRA)"]
[Date "2009.07.06"]
[Round "4.57"]
[White "Nesztler, Lambert"]
[Black "Baye, Dylan"]
[Result "0-1"]
[WhiteElo "1499"]
[BlackElo "1050"]
[PlyCount "118"]
[EventDate "2009.??.??"]

1. e4 c5 2. Nf3 Nc6 3. Bc4 h6 4. d4 e6 5. Nc3 Bd6 6. d5 Ne5 7. dxe6 dxe6 8. Nb5
Nxc4 9. Nxd6+ Nxd6 10. e5 Ne4 11. Qxd8+ Kxd8 12. O-O Ne7 13. Rd1+ Ke8 14. Be3
Nd5 15. Rd3 Nxe3 16. Rxe3 Ng5 17. Rd1 Bd7 18. Red3 Nxf3+ 19. Rxf3 Ba4 20. b3
Bc6 21. Rfd3 Be4 22. Rd7 Bxc2 23. R1d2 Be4 24. f3 Bc6 25. R7d6 Ke7 26. R6d3
Rad8 27. Kf2 Rd7 28. Ke3 Rxd3+ 29. Rxd3 Rd8 30. Rxd8 Kxd8 31. g3 Ke7 32. Kd3 f6
33. f4 fxe5 34. fxe5 b5 35. a3 a5 36. Kc3 Kd7 37. h4 g5 38. hxg5 hxg5 39. Kb2
c4 40. bxc4 bxc4 41. Kc3 Bb5 42. Kd4 Kc6 43. Ke4 c3 44. Ke3 c2 45. Kd2 Ba4 46.
Kc1 Kd5 47. Kd2 Kxe5 48. Kc1 Kd4 49. Kd2 g4 50. Kc1 Kd3 51. Kb2 Kd2 52. Ka1
c1=Q+ 53. Ka2 Qc2+ 54. Ka1 Qc6 55. Kb2 Qc2+ 56. Ka1 Qc6 57. Ka2 Qb6 58. Ka1 Kc2
59. Ka2 Qb2# 0-1

[Event "8eme Open International de La Fere"]
[Site "La Fere (FRA)"]
[Date "2009.07.06"]
[Round "4.58"]
[White "Van Poucke, Guy"]
[Black "Pruvost, Loic"]
[Result "1-0"]
[WhiteElo "1190"]
[BlackElo "1420"]
[PlyCount "117"]
[EventDate "2009.??.??"]

1. e4 e6 2. d4 d5 3. e5 c5 4. c3 f6 5. Nf3 fxe5 6. Nxe5 cxd4 7. Qf3 Nf6 8. Bb5+
Bd7 9. Bxd7+ Nbxd7 10. cxd4 Nxe5 11. dxe5 Nd7 12. Qg3 Qa5+ 13. Bd2 Qb6 14. b3
g6 15. O-O Bg7 16. Nc3 Qc7 17. Nb5 Qc5 18. Nd6+ Ke7 19. Bg5+ Nf6 20. Bxf6+ Bxf6
21. exf6+ Kxf6 22. Qf4+ Ke7 23. Nxb7 Qb6 24. Rac1 Rac8 25. Rxc8 Rxc8 26. Nd6
Qxd6 27. Qxd6+ Kxd6 28. f3 Rc2 29. Ra1 Kc5 30. a3 Kb5 31. Re1 Rc3 32. Rxe6 Rxb3
33. Re7 Rxa3 34. Rxh7 d4 35. Rg7 d3 36. Rd7 a5 37. Kf2 Kc4 38. h4 Kc3 39. g4
Kc2 40. h5 d2 41. Ke2 a4 42. Rxd2+ Kb1 43. h6 Rc3 44. Rd3 Rc8 45. Ra3 Rh8 46.
Rxa4 Rxh6 47. Ke3 Rh1 48. Kf4 Rd1 49. Ra6 Rd4+ 50. Kg5 Rd3 51. f4 Rd5+ 52. Kxg6
Rd4 53. Rf6 Kc2 54. g5 Kd3 55. Kh6 Rd8 56. g6 Rh8+ 57. Kg7 Rh5 58. Kg8 Ke4 59.
g7 1-0

[Event "8eme Open International de La Fere"]
[Site "La Fere (FRA)"]
[Date "2009.07.06"]
[Round "4.59"]
[White "Siegfried, Francois"]
[Black "Devoitine, Vincianne"]
[Result "1-0"]
[WhiteElo "1360"]
[BlackElo "1040"]
[PlyCount "38"]
[EventDate "2009.??.??"]

1. d4 d5 2. c4 Nf6 3. e3 Nc6 4. Nf3 e6 5. cxd5 Nxd5 6. Bb5 Bd7 7. O-O a6 8. Bd3
Bd6 9. Nc3 O-O 10. Ne4 h6 11. a3 Nf6 12. Nxd6 cxd6 13. Bd2 e5 14. Bc4 d5 15.
Ba2 e4 16. Ne1 Bg4 17. f3 Bh5 18. Qb3 Qd6 19. f4 Ng4 1-0

[Event "8eme Open International de La Fere"]
[Site "La Fere (FRA)"]
[Date "2009.07.06"]
[Round "4.60"]
[White "Biellmann, Patrick"]
[Black "Brugge, Alexandre"]
[Result "1/2-1/2"]
[WhiteElo "1310"]
[BlackElo "1010"]
[PlyCount "54"]
[EventDate "2009.??.??"]

1. e4 e5 2. Nf3 Nf6 3. Nc3 g6 4. d4 d6 5. h3 Bg7 6. Bc4 O-O 7. O-O c5 8. dxe5
dxe5 9. Qxd8 Rxd8 10. Bg5 Nc6 11. a3 Na5 12. Be2 b6 13. Rfd1 Bb7 14. Rxd8+ Rxd8
15. Ne1 Rd7 16. f3 h6 17. Bxf6 Bxf6 18. Bb5 Rd6 19. g4 c4 20. Rd1 Rxd1 21. Nxd1
h5 22. Ne3 Bg5 23. Kf2 a6 24. Bd7 Bxe3+ 25. Kxe3 Kf8 26. Ng2 Ke7 27. h4 Kxd7
1/2-1/2

[Event "8eme Open International de La Fere"]
[Site "La Fere (FRA)"]
[Date "2009.07.06"]
[Round "4.61"]
[White "Rech, Thomas"]
[Black "Degraeve, Thomas"]
[Result "1-0"]
[WhiteElo "1290"]
[BlackElo "1009"]
[PlyCount "69"]
[EventDate "2009.??.??"]

1. d4 d5 2. Nc3 Nf6 3. Bf4 Bf5 4. Nf3 Nc6 5. e3 Nb4 6. Bd3 Bxd3 7. cxd3 e6 8.
a3 Nc6 9. O-O Bd6 10. Bg3 O-O 11. Ne5 h6 12. Qb3 Rb8 13. Ne2 Bxe5 14. dxe5 Ng4
15. d4 b5 16. h3 Ngxe5 17. dxe5 b4 18. Nd4 Na5 19. Qc2 b3 20. Qc3 Nb7 21. Nc6
Qc8 22. Nxb8 Qxb8 23. Qxb3 Rd8 24. Bh4 Rd7 25. Qb5 Qc8 26. Qa4 a5 27. Rac1 c5
28. Rfd1 Rc7 29. Qg4 c4 30. Bf6 Qf8 31. Rd2 Kh7 32. Bh4 g5 33. Bg3 f6 34. exf6
Qxf6 35. Bxc7 1-0

[Event "8eme Open International de La Fere"]
[Site "La Fere (FRA)"]
[Date "2009.07.06"]
[Round "4.62"]
[White "Gosset, Hugo"]
[Black "Brugge, Rodolphe"]
[Result "1-0"]
[WhiteElo "1099"]
[BlackElo "1220"]
[PlyCount "25"]
[EventDate "2009.??.??"]

1. e4 c5 2. Nf3 Nc6 3. Nc3 d6 4. Bb5 Nf6 5. d3 g6 6. Bg5 Bg7 7. O-O O-O 8. Bxc6
bxc6 9. Qd2 Bg4 10. Qf4 e5 11. Qg3 h6 12. Bxf6 Bxf6 13. Qxg4 1-0

[Event "8eme Open International de La Fere"]
[Site "La Fere (FRA)"]
[Date "2009.07.06"]
[Round "4.63"]
[White "Henon, Alexandre"]
[Black "Vernede, Simon"]
[Result "0-1"]
[WhiteElo "1030"]
[BlackElo "1099"]
[PlyCount "98"]
[EventDate "2009.??.??"]

1. f4 d5 2. Nf3 Nf6 3. b3 Nc6 4. Bb2 Bg4 5. Nc3 e6 6. h3 Bxf3 7. gxf3 e5 8.
fxe5 Nxe5 9. e4 d4 10. Na4 b6 11. Bxd4 Qxd4 12. c3 Qd7 13. Bb5 Qxb5 14. c4 Qb4
15. Nc3 Nd3+ 16. Ke2 Nf4+ 17. Ke3 Ne6 18. Nd5 Qc5+ 19. Ke2 Be7 20. Nxe7 Qxe7
21. h4 Nd4+ 22. Ke3 Ne6 23. f4 Nd7 24. f5 Nec5 25. Rg1 Qxe4+ 26. Kf2 Qxf5+ 27.
Kg2 O-O 28. Kh2 Ne5 29. h5 Nf3+ 30. Kg2 Nxg1 31. Qxg1 Rad8 32. Qf1 Qxf1+ 33.
Kxf1 Rxd2 34. Ke1 Rh2 35. b4 Nd3+ 36. Kf1 Nb2 37. Rb1 Nxc4 38. Rc1 b5 39. a4
Rb8 40. axb5 Rh1+ 41. Ke2 Rxc1 42. h6 gxh6 43. Kf2 Rxb5 44. Kf3 Re1 45. Kf2 Ra1
46. Kf3 Rxb4 47. Kg3 Ra3+ 48. Kg2 Rb2+ 49. Kg1 Ra1# 0-1

[Event "8eme Open International de La Fere"]
[Site "La Fere (FRA)"]
[Date "2009.07.06"]
[Round "4.64"]
[White "Vandervorst, Jean-Philippe"]
[Black "Tonneau, Bastien"]
[Result "0-1"]
[WhiteElo "1060"]
[BlackElo "1199"]
[PlyCount "36"]
[EventDate "2009.??.??"]

1. d4 d5 2. Nc3 Nf6 3. Bd2 g6 4. e3 Bg7 5. Bb5+ c6 6. Bd3 O-O 7. Nge2 Bf5 8. e4
dxe4 9. Bc4 b5 10. Bb3 Bg4 11. f3 exf3 12. Ng3 fxg2 13. Nge2 Ne4 14. Nxe4
gxh1=Q+ 15. Kf2 Qxh2+ 16. Ke1 Bxd4 17. c3 Qh1+ 18. Ng1 Qxg1# 0-1

[Event "8eme Open International de La Fere"]
[Site "La Fere (FRA)"]
[Date "2009.07.06"]
[Round "4.65"]
[White "Degraeve, Remy"]
[Black "Rousseaux, Stephane"]
[Result "1-0"]
[WhiteElo "1009"]
[BlackElo "1099"]
[PlyCount "103"]
[EventDate "2009.??.??"]

1. e4 Nf6 2. Nc3 d6 3. Bc4 Nc6 4. Bb5 a6 5. Bxc6+ bxc6 6. Nf3 d5 7. exd5 cxd5
8. d4 Bb7 9. O-O Qd7 10. Bg5 Ng8 11. Ne5 Qd8 12. b4 c6 13. Be3 f6 14. Ng4 h5
15. h3 hxg4 16. Qxg4 f5 17. Qg6+ Kd7 18. Qxf5+ Ke8 19. Ne2 Nf6 20. Bg5 Nd7 21.
Nf4 Qc8 22. Rae1 Nf6 23. Qxc8+ Rxc8 24. Bxf6 Kd8 25. Be5 e6 26. Ng6 Rg8 27.
Nxf8 Rxf8 28. Bxg7 Rf7 29. Bh8 Rh7 30. Bf6+ Kd7 31. Re3 Rf8 32. Be5 Rh5 33. Bg7
Rg8 34. Bf6 Rf5 35. Bh4 Rf4 36. Bg3 Rff8 37. Rfe1 a5 38. bxa5 e5 39. dxe5 c5
40. Ra3 c4 41. a6 Bxa6 42. Rxa6 Rb8 43. Ra7+ Kc8 44. Ra4 Kd7 45. Ra5 Kc6 46. e6
Kb6 47. Rxd5 Rbc8 48. Ree5 Rg6 49. e7 Re8 50. h4 Kc7 51. Re4+ Kc6 52. Rxc4+ 1-0

[Event "8eme Open International de La Fere"]
[Site "La Fere (FRA)"]
[Date "2009.07.07"]
[Round "5.3"]
[White "Piankov, Evgenij"]
[Black "Gharamian, Tigran"]
[Result "0-1"]
[WhiteElo "2356"]
[BlackElo "2615"]
[PlyCount "88"]
[EventDate "2009.??.??"]

1. d4 e6 2. Nf3 c5 3. e3 Nf6 4. Bd3 b6 5. O-O Bb7 6. c4 Be7 7. Nc3 cxd4 8. exd4
d5 9. cxd5 Nxd5 10. Bb5+ Bc6 11. Qa4 Bxb5 12. Qxb5+ Qd7 13. Nxd5 exd5 14. Qb3
Nc6 15. Bf4 O-O 16. Rac1 Na5 17. Qd3 Rac8 18. Ne5 Qe6 19. Qa6 f6 20. Nf3 Qd7
21. h3 Rfd8 22. Rfe1 Bf8 23. Red1 Nc6 24. Qa4 Qb7 25. Bd2 Bd6 26. Rc2 Bb8 27.
Rdc1 Ne7 28. Bb4 Rxc2 29. Rxc2 Ng6 30. Qc6 Qxc6 31. Rxc6 Kf7 32. Kf1 Ke8 33. g3
Kd7 34. Rc2 h5 35. h4 Re8 36. Rc1 Re6 37. Rc2 a5 38. Bd2 Re4 39. b4 a4 40. Be3
Bxg3 41. fxg3 Rxe3 42. Kf2 Rd3 43. Ke2 Ra3 44. b5 Ne7 0-1

[Event "8eme Open International de La Fere"]
[Site "La Fere (FRA)"]
[Date "2009.07.07"]
[Round "5.1"]
[White "Malaniuk, Vladimir P"]
[Black "Riff, Jean-Noel"]
[Result "1/2-1/2"]
[WhiteElo "2563"]
[BlackElo "2505"]
[PlyCount "50"]
[EventDate "2009.??.??"]

1. d4 Nf6 2. c4 e6 3. Nf3 Nc6 4. a3 d6 5. Nc3 g6 6. e4 Bg7 7. h3 O-O 8. Bg5 h6
9. Be3 e5 10. d5 Nd4 11. Nxd4 exd4 12. Bxd4 Nxe4 13. Nxe4 Qh4 14. Bxg7 Qxe4+
15. Qe2 Qxe2+ 16. Bxe2 Kxg7 17. Kd2 a5 18. b3 b6 19. Bd3 Bd7 20. h4 Rfe8 21.
Rae1 Rxe1 22. Rxe1 Re8 23. Rc1 Kf6 24. Rc3 g5 25. hxg5+ hxg5 1/2-1/2

[Event "8eme Open International de La Fere"]
[Site "La Fere (FRA)"]
[Date "2009.07.07"]
[Round "5.4"]
[White "Sandu, Mihaela"]
[Black "Degraeve, Jean-Marc"]
[Result "0-1"]
[WhiteElo "2312"]
[BlackElo "2559"]
[PlyCount "64"]
[EventDate "2009.??.??"]

1. e4 b6 2. g3 Bb7 3. Bg2 f5 4. d3 Nf6 5. Qe2 fxe4 6. dxe4 e5 7. Nf3 Ba6 8. c4
Bb4+ 9. Nbd2 d6 10. a3 Bxd2+ 11. Bxd2 c5 12. b4 Bb7 13. O-O O-O 14. Ne1 Nc6 15.
Nc2 Nd4 16. Qd3 Kh8 17. f3 Rc8 18. Ne3 Rc7 19. Bc3 Rcf7 20. Bxd4 cxd4 21. Nd5
Nxd5 22. exd5 b5 23. f4 bxc4 24. Qxc4 Qb6 25. fxe5 Rxf1+ 26. Bxf1 d3+ 27. Kh1
d2 28. Qe4 Qf2 29. e6 Qxf1+ 30. Rxf1 Rxf1+ 31. Kg2 d1=Q 32. e7 Rg1+ 0-1

[Event "8eme Open International de La Fere"]
[Site "La Fere (FRA)"]
[Date "2009.07.07"]
[Round "5.6"]
[White "Marzolo, Cyril"]
[Black "Goldsztejn, Gildas"]
[Result "0-1"]
[WhiteElo "2443"]
[BlackElo "2403"]
[PlyCount "94"]
[EventDate "2009.??.??"]

1. c4 Nf6 2. Nc3 g6 3. e4 d6 4. d4 Bg7 5. f3 O-O 6. Be3 c5 7. dxc5 dxc5 8. Qxd8
Rxd8 9. Bxc5 Nc6 10. Ba3 e6 11. Rd1 Rxd1+ 12. Kxd1 Bd7 13. Nge2 Rc8 14. b3 a6
15. Bb2 Be8 16. Nc1 Rd8+ 17. Ke1 Nb4 18. Nb1 Nc2+ 19. Ke2 b5 20. Nd3 bxc4 21.
bxc4 a5 22. a3 Nd4+ 23. Kf2 Nd7 24. Nd2 Ne5 25. Nxe5 Bxe5 26. Nb3 Nxf3 27. Bxe5
Nxe5 28. Be2 a4 29. Nc5 Rc8 30. Nb7 Nxc4 31. Rc1 Nd6 32. Rxc8 Nxc8 33. e5 Nb6
34. Ke3 Bc6 35. Nc5 Bxg2 36. Bb5 g5 37. Nxa4 Nxa4 38. Bxa4 f5 39. exf6 Kf7 40.
Bc2 h5 41. Bd1 g4 42. Kf2 Bd5 43. Kg3 Kxf6 44. h3 Kg5 45. hxg4 h4+ 46. Kh3 Bc4
47. Bf3 Bb5 0-1

[Event "8eme Open International de La Fere"]
[Site "La Fere (FRA)"]
[Date "2009.07.07"]
[Round "5.7"]
[White "Forthofer, Robert"]
[Black "Schmidt, Raul"]
[Result "0-1"]
[WhiteElo "2263"]
[BlackElo "2377"]
[PlyCount "54"]
[EventDate "2009.??.??"]

1. e4 e5 2. f4 exf4 3. Nf3 d6 4. Bc4 Be6 5. Bxe6 fxe6 6. d4 Qf6 7. Nc3 Nd7 8.
Nb5 O-O-O 9. Nxa7+ Kb8 10. Nb5 c6 11. Nc3 g5 12. O-O Ne7 13. Nxg5 Qxg5 14. Bxf4
Qg7 15. Bxd6+ Kc8 16. Na4 Ng6 17. Bg3 h5 18. d5 h4 19. dxe6 hxg3 20. Rf7 Qh6
21. exd7+ Kc7 22. Qd4 Qxh2+ 23. Kf1 Qh1+ 24. Ke2 Qxg2+ 25. Kd3 Bd6 26. Qb6+ Kb8
27. Rf6 Bc7 0-1

[Event "8eme Open International de La Fere"]
[Site "La Fere (FRA)"]
[Date "2009.07.07"]
[Round "5.8"]
[White "Nanu, Ciprian-Costica"]
[Black "Neumair, Jerome"]
[Result "1-0"]
[WhiteElo "2535"]
[BlackElo "2007"]
[PlyCount "41"]
[EventDate "2009.??.??"]

1. e4 e6 2. d3 d5 3. Qe2 Nf6 4. Nf3 c5 5. g3 Nc6 6. Bg2 Be7 7. O-O dxe4 8. dxe4
O-O 9. e5 Nd7 10. Rd1 Qc7 11. Bf4 Rd8 12. h4 Nb6 13. Nc3 Nd4 14. Nxd4 cxd4 15.
Nb5 Qc5 16. c3 dxc3 17. Rxd8+ Bxd8 18. Nxc3 Rb8 19. Rd1 Bd7 20. Qd3 Be7 21. Be3
1-0

[Event "8eme Open International de La Fere"]
[Site "La Fere (FRA)"]
[Date "2009.07.07"]
[Round "5.9"]
[White "Videnova, Iva"]
[Black "Genov, Petar"]
[Result "1-0"]
[WhiteElo "2197"]
[BlackElo "2478"]
[PlyCount "117"]
[EventDate "2009.??.??"]

1. e4 c6 2. d4 d5 3. e5 Bf5 4. Nf3 e6 5. Be2 Nd7 6. O-O h6 7. Nbd2 Ne7 8. a3 g5
9. b4 Bg7 10. c4 O-O 11. c5 f6 12. exf6 Bxf6 13. Bb2 Ng6 14. Ne1 Qc7 15. g4 Nf4
16. gxf5 exf5 17. Ng2 Ne6 18. Nb3 Bg7 19. Bd3 Rf6 20. Re1 Ndf8 21. Re5 Qf7 22.
Qc2 f4 23. f3 h5 24. Rf5 Re8 25. h3 Rxf5 26. Bxf5 Bf6 27. Re1 Re7 28. Kf1 Qg7
29. Qd3 Qf7 30. a4 a6 31. Bc3 Qg7 32. Re2 Qf7 33. Ne1 Ng7 34. Qc2 Rxe2 35. Kxe2
Bd8 36. Bd3 Qe6+ 37. Kd1 Qxh3 38. b5 axb5 39. axb5 Qd7 40. b6 g4 41. Qe2 g3 42.
Bd2 Nfe6 43. Qe5 Qf7 44. Na5 h4 45. Bf1 Bg5 46. Bh3 Kh7 47. Nxb7 Bf6 48. Bf5+
Kg8 49. Qb8+ Nf8 50. Nd6 Qh5 51. Bg4 Qg6 52. b7 Qb1+ 53. Ke2 Bxd4 54. Qc8 g2
55. Nxg2 h3 56. Bxh3 Qg1 57. b8=Q Qf2+ 58. Kd1 Qxf3+ 59. Kc2 1-0

[Event "8eme Open International de La Fere"]
[Site "La Fere (FRA)"]
[Date "2009.07.07"]
[Round "5.11"]
[White "Deneuville, Ludovic"]
[Black "Pytel, Krzysztof"]
[Result "0-1"]
[WhiteElo "1984"]
[BlackElo "2383"]
[PlyCount "108"]
[EventDate "2009.??.??"]

1. d4 Nf6 2. Bf4 g6 3. Nf3 d6 4. e3 Nh5 5. Bg5 h6 6. Bh4 g5 7. Bg3 Bg7 8. Bd3
e6 9. Nfd2 Nxg3 10. hxg3 Qe7 11. Qe2 Nc6 12. c3 Bd7 13. e4 f5 14. exf5 exf5 15.
Qxe7+ Nxe7 16. Na3 O-O-O 17. O-O-O Rdf8 18. Rde1 Kd8 19. f4 Bc6 20. Re2 Nd5 21.
Rf1 gxf4 22. gxf4 h5 23. Nc2 Bh6 24. Ref2 Rhg8 25. c4 Ne7 26. d5 Bd7 27. Ne3
Rg3 28. Re1 Ng6 29. Ndf1 Nxf4 30. Rxf4 Bxf4 31. Nxg3 Bxg3 32. Rf1 f4 33. Nc2 c5
34. dxc6 bxc6 35. Nd4 h4 36. Be4 Kc7 37. Ne2 Re8 38. Bd3 Rf8 39. Be4 Kb6 40.
Kd2 Kc5 41. Kc3 Re8 42. b4+ Kb6 43. Bd3 Rf8 44. Be4 Rg8 45. Bd3 h3 46. gxh3
Bxh3 47. Rg1 Be6 48. Bh7 Rg5 49. Nd4 Bd7 50. Be4 Re5 51. Bd3 Re3 52. Kd2 c5 53.
Nc2 Rf3 54. Rg2 Bh3 0-1

[Event "8eme Open International de La Fere"]
[Site "La Fere (FRA)"]
[Date "2009.07.07"]
[Round "5.13"]
[White "Genova, Lyubka"]
[Black "Auroy, Didier"]
[Result "1-0"]
[WhiteElo "2209"]
[BlackElo "2000"]
[PlyCount "81"]
[EventDate "2009.??.??"]

1. e4 c5 2. Nf3 g6 3. d4 cxd4 4. Nxd4 Nc6 5. c4 Nf6 6. Nc3 d6 7. Be2 Nxd4 8.
Qxd4 Bg7 9. Be3 O-O 10. Qd2 Qa5 11. f3 Be6 12. Rc1 Rfc8 13. b3 a6 14. Na4 Qxd2+
15. Kxd2 Nd7 16. g4 Rc6 17. Nc3 Bxc3+ 18. Rxc3 a5 19. Rb1 Rac8 20. Bd4 f6 21.
Rcc1 Bf7 22. h4 e5 23. Bc3 b6 24. Bb2 Nc5 25. Ke3 Ne6 26. Rd1 Kf8 27. Rd2 Ke7
28. Rbd1 Nc5 29. Ba3 Ra8 30. f4 Rd8 31. g5 exf4+ 32. Kxf4 Bg8 33. Ke3 fxg5 34.
hxg5 Ne6 35. e5 Nxg5 36. Bxd6+ Ke8 37. c5 Kf7 38. Bb5 Rcc8 39. cxb6 Rc3+ 40.
Rd3 Rxd3+ 41. Rxd3 1-0

[Event "8eme Open International de La Fere"]
[Site "La Fere (FRA)"]
[Date "2009.07.07"]
[Round "5.14"]
[White "Konguvel, Ponnuswamy"]
[Black "Mestdagh, Franck"]
[Result "1-0"]
[WhiteElo "2419"]
[BlackElo "1937"]
[PlyCount "51"]
[EventDate "2009.??.??"]

1. e4 c5 2. Nf3 d6 3. d4 cxd4 4. Nxd4 Nf6 5. Nc3 a6 6. Bc4 e6 7. Bb3 Qc7 8. Be3
Nc6 9. Qe2 Be7 10. O-O-O Na5 11. g4 b5 12. g5 Nxb3+ 13. axb3 Nd7 14. Nf5 exf5
15. Nd5 Qd8 16. exf5 Ne5 17. f4 Bxf5 18. fxe5 Rc8 19. exd6 Rxc2+ 20. Qxc2 Bxc2
21. Nc7+ Kf8 22. dxe7+ Qxe7 23. Nd5 Qd6 24. Kxc2 f6 25. gxf6 gxf6 26. Nxf6 1-0

[Event "8eme Open International de La Fere"]
[Site "La Fere (FRA)"]
[Date "2009.07.07"]
[Round "5.15"]
[White "Vandervorst, Marc"]
[Black "Houriez, Clement"]
[Result "1/2-1/2"]
[WhiteElo "1876"]
[BlackElo "2314"]
[PlyCount "50"]
[EventDate "2009.??.??"]

1. e4 c5 2. c3 d5 3. exd5 Qxd5 4. Qf3 Nf6 5. Na3 a6 6. Qxd5 Nxd5 7. Nf3 Nc6 8.
g3 Bf5 9. Nh4 Bd7 10. Bg2 e6 11. O-O Nb6 12. d3 Be7 13. Nf3 O-O 14. Be3 Rfd8
15. Rfd1 Rac8 16. Nc2 Nd5 17. Bc1 b5 18. d4 a5 19. dxc5 Bxc5 20. Nfd4 Nxd4 21.
Nxd4 Bb6 22. Bxd5 exd5 23. Be3 Bc7 24. Kg2 f6 25. Nc2 Be8 1/2-1/2

[Event "8eme Open International de La Fere"]
[Site "La Fere (FRA)"]
[Date "2009.07.07"]
[Round "5.16"]
[White "Mulder, Bart-Piet"]
[Black "Pavillon, Guillaume"]
[Result "1-0"]
[WhiteElo "2212"]
[BlackElo "1843"]
[PlyCount "121"]
[EventDate "2009.??.??"]

1. d4 d5 2. Nf3 Nf6 3. g3 e6 4. Bg2 c5 5. O-O Nc6 6. c4 dxc4 7. Ne5 Nxe5 8.
dxe5 Qxd1 9. Rxd1 Nd7 10. f4 Be7 11. Na3 O-O 12. Nxc4 Rb8 13. Be3 Nb6 14. Nd6
Bxd6 15. Rxd6 Nc4 16. Bxc5 b6 17. Ba3 Nxa3 18. bxa3 Bb7 19. Rd7 Bxg2 20. Kxg2
a5 21. Rc1 h6 22. Rcc7 Rbd8 23. Kf2 Rxd7 24. Rxd7 Rc8 25. Rb7 Rc6 26. Ke1 Rc1+
27. Kf2 Rc6 28. h3 g6 29. g4 Kg7 30. h4 Kg8 31. h5 gxh5 32. gxh5 Kg7 33. a4 Rc4
34. Kf3 Rxa4 35. e4 Ra3+ 36. Kg4 Re3 37. Rxb6 Rxe4 38. Rb3 Rc4 39. a3 Rd4 40.
Rc3 Ra4 41. Kg3 Rd4 42. Rf3 Rd5 43. Kf2 Rd2+ 44. Kg3 Rd5 45. Rc3 Rb5 46. Kf3
Rd5 47. Ke4 Rb5 48. f5 exf5+ 49. Kxf5 Rb1 50. Rc5 a4 51. Rc4 Rf1+ 52. Ke4 Rh1
53. Kd5 Rxh5 54. Kd6 Rh1 55. Rxa4 h5 56. Rf4 h4 57. Ke7 Kg6 58. Rf6+ Kg5 59.
Kxf7 h3 60. e6 Re1 61. Rf2 1-0

[Event "8eme Open International de La Fere"]
[Site "La Fere (FRA)"]
[Date "2009.07.07"]
[Round "5.18"]
[White "Hoelting, Siegfried"]
[Black "Delorme, Laurie"]
[Result "0-1"]
[WhiteElo "1920"]
[BlackElo "2152"]
[PlyCount "35"]
[EventDate "2009.??.??"]

1. e4 e5 2. Nf3 Nc6 3. Bc4 Nf6 4. O-O Nxe4 5. Re1 d5 6. d3 dxc4 7. Rxe4 Bf5 8.
Rxc4 Bd6 9. Qe1 O-O 10. b4 Nd4 11. Nxd4 exd4 12. Bb2 Re8 13. Qf1 Qh4 14. g3 Qh5
15. Rxd4 Bh3 16. Rh4 Qxh4 17. gxh4 Bxf1 18. Nd2 0-1

[Event "8eme Open International de La Fere"]
[Site "La Fere (FRA)"]
[Date "2009.07.07"]
[Round "5.19"]
[White "Rigolot, Lucie"]
[Black "Broekman, Willem"]
[Result "0-1"]
[WhiteElo "1806"]
[BlackElo "2129"]
[PlyCount "88"]
[EventDate "2009.??.??"]

1. e4 e6 2. d4 d5 3. Nd2 c5 4. Ngf3 Nf6 5. e5 Nfd7 6. c3 Nc6 7. Be2 f6 8. exf6
Nxf6 9. O-O cxd4 10. cxd4 Bd6 11. Re1 O-O 12. Nb3 Qc7 13. h3 Bd7 14. Bd3 Rae8
15. Bg5 Bc8 16. Rc1 Qf7 17. a3 Qh5 18. Be3 Re7 19. Ng5 Qe8 20. Qc2 g6 21. Nf3
Nh5 22. Bh6 Rxf3 23. gxf3 Qf7 24. Qd1 Nf4 25. Bf1 g5 26. h4 gxh4 27. Kh1 Qf6
28. Bb5 Qxh6 29. Rg1+ Ng6 30. Bxc6 bxc6 31. Rxc6 Bc7 32. Qc1 Qg7 33. Qe3 Qf7
34. Re1 Qf5 35. f4 Kf7 36. Qc3 Qxf4 37. Qh3 Bd7 38. Rc3 e5 39. Qf3 e4 40. Qxf4+
Bxf4 41. Kg1 Bg4 42. Rc2 h3 43. Nd2 Nh4 44. Rec1 Nf3+ 0-1

[Event "8eme Open International de La Fere"]
[Site "La Fere (FRA)"]
[Date "2009.07.07"]
[Round "5.20"]
[White "Gozzoli, Cyrille"]
[Black "Casier, Fabrice"]
[Result "1-0"]
[WhiteElo "2125"]
[BlackElo "1820"]
[PlyCount "67"]
[EventDate "2009.??.??"]

1. d4 Nf6 2. Nf3 e6 3. Bf4 d5 4. e3 c5 5. c3 Nc6 6. Nbd2 cxd4 7. exd4 Be7 8.
Bd3 b6 9. h3 Bb7 10. O-O O-O 11. Qc2 Bd6 12. Ne5 Qc7 13. Rae1 h6 14. Ndf3 Rac8
15. Qb1 Bxe5 16. Nxe5 Qe7 17. Bc1 Nxe5 18. dxe5 Nd7 19. f4 Nc5 20. Be3 Nxd3 21.
Qxd3 Qc7 22. Bd4 Qc4 23. Qb1 Ba6 24. Rf3 Qc7 25. g4 b5 26. a3 Rb8 27. f5 Bc8
28. f6 g6 29. Qc1 Kh7 30. Be3 Rg8 31. Bxh6 Bb7 32. Qg5 Qc5+ 33. Kh2 d4 34. Qh4
1-0

[Event "8eme Open International de La Fere"]
[Site "La Fere (FRA)"]
[Date "2009.07.07"]
[Round "5.21"]
[White "Neumair, Cedric"]
[Black "Noordhoek, Henk"]
[Result "0-1"]
[WhiteElo "1845"]
[BlackElo "2080"]
[PlyCount "85"]
[EventDate "2009.??.??"]

1. d4 Nf6 2. c4 g6 3. Nc3 d5 4. Nf3 Bg7 5. g3 O-O 6. Bg2 dxc4 7. Ne5 Nbd7 8.
Nxc4 Nb6 9. Ne5 Nfd5 10. O-O c6 11. Ne4 Qc7 12. Nf3 Rd8 13. Qb3 Bg4 14. Rd1 Nd7
15. h3 Bxf3 16. Bxf3 Qb6 17. Qxb6 axb6 18. Nc3 Nxc3 19. bxc3 Ne5 20. Bg2 Nc4
21. f4 Ra5 22. e3 Rda8 23. Bf1 b5 24. Bxc4 bxc4 25. a3 e6 26. Rb1 b5 27. Kf2
Bf8 28. Rd2 Bxa3 29. Bxa3 Rxa3 30. Rc2 Ra2 31. Rbc1 Kf8 32. Kf3 Ke7 33. h4 h5
34. Ke2 Kd6 35. e4 Rxc2+ 36. Rxc2 Ra1 37. Kf2 Ra3 38. Kg2 c5 39. dxc5+ Kxc5 40.
e5 b4 41. cxb4+ Kxb4 42. Rb2+ Rb3 43. Ra2 0-1

[Event "8eme Open International de La Fere"]
[Site "La Fere (FRA)"]
[Date "2009.07.07"]
[Round "5.22"]
[White "Thomas, Olivier"]
[Black "Jimenez, Martin"]
[Result "1-0"]
[WhiteElo "2068"]
[BlackElo "1798"]
[PlyCount "55"]
[EventDate "2009.??.??"]

1. e4 c6 2. d4 d5 3. e5 Bf5 4. Nf3 e6 5. Be2 Nd7 6. O-O Ne7 7. Nh4 Bg6 8. Nd2
c5 9. c3 Nc6 10. Nxg6 hxg6 11. Nf3 Be7 12. Be3 c4 13. b3 b5 14. bxc4 bxc4 15.
Qa4 Qc7 16. Rab1 O-O 17. Bg5 Bxg5 18. Nxg5 Nb6 19. Qc2 Rfb8 20. h4 Ne7 21. h5
Qd7 22. hxg6 fxg6 23. g4 Qa4 24. Qd2 Qd7 25. Qf4 Na4 26. Qf7+ Kh8 27. Rxb8+
Rxb8 28. Kg2 1-0

[Event "8eme Open International de La Fere"]
[Site "La Fere (FRA)"]
[Date "2009.07.07"]
[Round "5.23"]
[White "Rouffignac, Tanguy"]
[Black "Mataigne, Jean-Michel"]
[Result "1/2-1/2"]
[WhiteElo "1740"]
[BlackElo "2053"]
[PlyCount "77"]
[EventDate "2009.??.??"]

1. e4 d6 2. d4 Nf6 3. Nc3 g6 4. f4 Bg7 5. Nf3 O-O 6. Bd3 Nc6 7. e5 dxe5 8. fxe5
Nh5 9. Be4 Bg4 10. Be3 f6 11. exf6 Nxf6 12. Bxc6 bxc6 13. O-O Nd5 14. Nxd5 Qxd5
15. c3 Rad8 16. Qb3 Bxf3 17. Rxf3 Rxf3 18. gxf3 a5 19. Qxd5+ cxd5 20. Bf4 Rc8
21. Re1 Kf7 22. Kg2 c5 23. dxc5 Rxc5 24. Be5 Bh6 25. f4 a4 26. Kg3 Rb5 27. Rb1
e6 28. b4 Bf8 29. a3 Be7 30. Rc1 g5 31. c4 gxf4+ 32. Kxf4 dxc4 33. Rxc4 Kg6 34.
Rc6 Bg5+ 35. Ke4 Kh5 36. Rxe6 Bc1 37. Ra6 Bxa3 38. Rxa4 Bxb4 39. Ra7 1/2-1/2